01462nam a2200349Ia 4500001001200000003000800012006001900020007001500039008004100054010001700095020003600112020003300148020003600181020003300217040002100250035002100271050002500292100002600317245011000343260005800453300001700511490005500528504005100583533015200634650004500786651003600831655002900867710001700896830005600913856012600969999001701095ebr10225520CaPaEBRm u cr cn|||||||||071206s2008 mnu sb 001 0 eng d z 2007049776 z9780816649310 (hc : alk. paper) z0816649316 (hc : alk. paper) z9780816649327 (pb : alk. paper) z0816649324 (pb : alk. paper) aCaPaEBRcCaPaEBR a(OCoLC)64674238914aHN183.5b.A46 2008eb1 aAlmeida, Paul,d1968-10aWaves of protesth[electronic resource] :bpopular struggle in El Salvador, 1925-2005 /cPaul D. Almeida. aMinneapolis :bUniversity of Minnesota Press,cc2008. axxii, 298 p.1 aSocial movements, protest, and contention ;vv. 29 aIncludes bibliographical references and index. aElectronic reproduction.bPalo Alto, Calif. :cebrary,d2009.nAvailable via World Wide Web.nAccess may be limited to ebrary affiliated libraries. 0aProtest movementszEl SalvadorxHistory. 0aEl SalvadorxSocial conditions. 7aElectronic books.2local2 aebrary, Inc. 0aSocial movements, protest, and contention ;vv. 29.40uhttp://site.ebrary.com/lib/rucke/Doc?id=10225520zAn electronic book accessible through the World Wide Web; click to view c27028d27028